00808 2200229 4500001002100000005001700021008004100038035002500079040001200104082001400116084001900130100001600149245019900165260006200364300002800426500004500454504002000499650001000519700001900529850001200548990001800560INLIS00000000001079820150820115813.0  a0010-081500000002236 aYOPDYOG 223a615.3 aSK 615.3 Sri H aSRI Lestari aHubungan antara perilaku merokok saat penyemprotan dan umur dengan kadar enzim kholinesterase petani di Dusun Sono dan Samiran, Parangtritis, Kretek, Bantul, Yogyakarta tahun 2000c/ Sri Lestari aYogyakartabAkademi Kesehatan Lingkungan Yogyakartac2000 ax, 32 lembarc; 29,5 cm aTugas Akhir Jurusan Kesehatan Lingkungan aBibliografi: 32 aEnzim aLUCKY Herawati aYOPDYOG a48696-PD/A.15